| 000 | 11721cam a2202197 a 4500 | ||
|---|---|---|---|
| 999 | _c7702 | ||
| 001 | 10693317 | ||
| 003 | LIBRIS | ||
| 005 | 20200901135540.0 | ||
| 008 | 080222s2008 sw |||||||||||000 0|swe|c | ||
| 020 | _a9789144047478 | ||
| 035 | _a(Bo)416820 | ||
| 035 | _a(Mo)b1687603 | ||
| 040 |
_aLGEN _dHib _dS _ea |
||
| 041 | _aswe | ||
| 060 | 4 | _aWI 512 | |
| 082 | 0 | 4 |
_a616.3 _222/swe |
| 084 |
_aVej _2kssb/8 |
||
| 084 |
_aVej _2kssb/8 |
||
| 084 |
_aVej _2kssb/8 |
||
| 245 | 1 | 0 |
_aStomi- och tarmopererad : _bett helhetsperspektiv / _cEva Persson, Ina Berndtsson & Eva Carlsson (red.). |
| 250 | _a1. uppl. | ||
| 264 | 1 |
_aLund : _bStudentlitteratur, _c2008 |
|
| 264 | 3 | _aPolen | |
| 300 |
_a228 s., viii pl.-s. i färg _bill. |
||
| 500 |
_5Li _aPliktex |
||
| 500 |
_5Mo _asvenska |
||
| 505 | 8 | _aStomiteknik- och terapi i ett historiskt perspektiv -- Anatomi i magtarmkanalen -- Anatomi, fysiologi och patofysiologi i urinvägar -- Stomier -- Stomibandagering -- Stomirelaterade komplikationer -- Stomier hos barn -- Hud och sår -- Nutrition vid stomi- och tarmoperation -- Hälsa och sjukdom -- Psykosociala aspekter på en förändrad livssituation -- Sexualitet och fertilitet -- Patientundervisning -- Framtida forskning | |
| 650 | 7 |
_aStomier _0https://id.kb.se/term/sao/Stomier _2sao |
|
| 650 | 2 | _aSurgical Stomas | |
| 650 | 4 | _aStomier | |
| 650 | 7 |
_aStomier _0https://id.kb.se/term/sao/Stomier _2sao |
|
| 650 | 2 | _aileostomy | |
| 650 | 2 | _acolostomy | |
| 653 | _aStomier | ||
| 653 | _aBandagering | ||
| 655 | 4 |
_5Mo _aBok |
|
| 700 | 1 |
_aPersson, Eva, _d1953- _4edt _0https://libris.kb.se/qn24637849m9g2x#it |
|
| 700 | 1 |
_aBerndtsson, Ina, _d1953- _4edt |
|
| 700 | 1 |
_aCarlsson, Eva _4edt |
|
| 852 | _dVej | ||
| 887 |
_a{"@id":"k2vvrxbw506pxr0","modified":"2016-03-07T13:04:50+01:00","checksum":"9498843691"} _2librisxl |
||
| 887 |
_a{"@id":"59h21w9b0x59vsx","modified":"2014-01-16T15:02:19+01:00","checksum":"58817824799"} _2librisxl |
||
| 887 |
_a{"@id":"fkrdv8ml31gt664","modified":"2014-04-01T13:45:17+02:00","checksum":"42322970404"} _2librisxl |
||
| 887 |
_a{"@id":"kpwwh8sq1c62gqv","modified":"2012-01-26T12:03:01+01:00","checksum":"27778006040"} _2librisxl |
||
| 887 |
_a{"@id":"mrzwr4ts35w4t3v","modified":"2008-06-10T09:43:28+02:00","checksum":"53576440104"} _2librisxl |
||
| 887 |
_a{"@id":"glsq404m0wn47cj","modified":"2008-04-01T14:05:28+02:00","checksum":"42775369212"} _2librisxl |
||
| 887 |
_a{"@id":"pt1zcd6v3b5bf0m","modified":"2016-06-20T10:13:45+02:00","checksum":"25093255416"} _2librisxl |
||
| 887 |
_a{"@id":"qv20d1tw14kbt1v","modified":"2011-06-22T12:37:29+02:00","checksum":"27437691691"} _2librisxl |
||
| 887 |
_a{"@id":"6bjhnkxc4tk2sgz","modified":"2008-08-25T10:10:21+02:00","checksum":"50103666107"} _2librisxl |
||
| 887 |
_a{"@id":"qv20hgtw0drxqm1","modified":"2017-12-14T14:56:22+01:00","checksum":"54750212999"} _2librisxl |
||
| 887 |
_a{"@id":"7ckhvhzd3m0t5p8","modified":"2008-03-18T09:11:50+01:00","checksum":"56319164566"} _2librisxl |
||
| 887 |
_a{"@id":"48gdvnp93kd3k8d","modified":"2008-04-30T10:11:18+02:00","checksum":"27407029664"} _2librisxl |
||
| 887 |
_a{"@id":"rw31d03x5m05rgr","modified":"2008-03-11T14:57:08+01:00","checksum":"39403692499"} _2librisxl |
||
| 887 |
_a{"@id":"glsq9d9m55ztsr8","modified":"2011-10-03T14:11:25+02:00","checksum":"31469377447"} _2librisxl |
||
| 887 |
_a{"@id":"15c9v2062j30b3v","modified":"2020-02-04T15:41:31.721+01:00","checksum":"49769819088"} _2librisxl |
||
| 887 |
_a{"@id":"59hfxs4b0jwdp3x","modified":"2020-02-26T14:08:43.246+01:00","checksum":"27616059832"} _2librisxl |
||
| 887 |
_a{"@id":"x286kfz315mfmx5","modified":"2008-03-14T09:53:34+01:00","checksum":"17793304747"} _2librisxl |
||
| 887 |
_a{"@id":"z3985bn45qd3473","modified":"2008-07-16T11:51:41+02:00","checksum":"43588139472"} _2librisxl |
||
| 887 |
_a{"@id":"15ddk7c63g0sq8b","modified":"2016-05-09T15:02:09+02:00","checksum":"50016564918"} _2librisxl |
||
| 887 |
_a{"@id":"5hgw6lrl3z799bmp","modified":"2020-03-03T15:17:33.473+01:00","checksum":"54983873164"} _2librisxl |
||
| 887 |
_a{"@id":"qv21808w2bnvnlg","modified":"2014-07-14T12:46:31+02:00","checksum":"25343793773"} _2librisxl |
||
| 887 |
_a{"@id":"59hf85rb5csc22m","modified":"2013-11-04T12:29:07+01:00","checksum":"24109461010"} _2librisxl |
||
| 887 |
_a{"@id":"04bnt8h50xdczcn","modified":"2011-11-18T10:21:54+01:00","checksum":"34570860754"} _2librisxl |
||
| 887 |
_a{"@id":"tz53sdm05tbxw6v","modified":"2016-08-12T13:36:42+02:00","checksum":"49419206769"} _2librisxl |
||
| 887 |
_a{"@id":"37fc2hz82d8s1xw","modified":"2019-07-02T18:45:48.806+02:00","checksum":"37723839226"} _2librisxl |
||
| 887 |
_a{"@id":"fkrqjm9l5rngqhs","modified":"2016-07-11T14:00:14+02:00","checksum":"53035393692"} _2librisxl |
||
| 887 |
_a{"@id":"qv20drfw233k0mb","modified":"2009-12-17T13:59:53+01:00","checksum":"26429101298"} _2librisxl |
||
| 887 |
_a{"@id":"x286mmv33nxs497","modified":"2016-09-19T12:28:09+02:00","checksum":"26146404756"} _2librisxl |
||
| 887 |
_a{"@id":"pt2ww3vv2l0dhh9","modified":"2015-08-18T12:11:50+02:00","checksum":"47877294387"} _2librisxl |
||
| 887 |
_a{"@id":"59hf6l0b4k77mcc","modified":"2018-01-04T19:04:21+01:00","checksum":"49231002140"} _2librisxl |
||
| 887 |
_a{"@id":"z397w0142b3bjjw","modified":"2008-05-08T08:54:02+02:00","checksum":"34792380955"} _2librisxl |
||
| 887 |
_a{"@id":"mrzwhsbs3ts982x","modified":"2008-05-09T11:16:39+02:00","checksum":"23542897293"} _2librisxl |
||
| 887 |
_a{"@id":"jnvs5qmp3mg79t6","modified":"2014-07-02T14:19:19+02:00","checksum":"32643901341"} _2librisxl |
||
| 887 |
_a{"@id":"9fmk6dfg5r5b5wj","modified":"2016-10-17T10:11:51+02:00","checksum":"52970627918"} _2librisxl |
||
| 887 |
_a{"@id":"8dll07xf59bknlf","modified":"2009-02-23T11:24:12+01:00","checksum":"58947491016"} _2librisxl |
||
| 887 |
_a{"@id":"w175l9l240qnbj9","modified":"2008-04-01T14:09:07+02:00","checksum":"25304880780"} _2librisxl |
||
| 887 |
_a{"@id":"kpwthbvq2c7jwlh","modified":"2019-12-02T13:03:05.432+01:00","checksum":"33872055818"} _2librisxl |
||
| 887 |
_a{"@id":"djq91lhk5763wg3","modified":"2020-01-28T12:32:15.505+01:00","checksum":"81133126250"} _2librisxl |
||
| 887 |
_a{"@id":"59hskgrb2wk40nz","modified":"2011-09-06T08:25:45+02:00","checksum":"63162804843"} _2librisxl |
||
| 887 |
_a{"@id":"9fmkxs5g00gc4dt","modified":"2008-03-14T09:13:41+01:00","checksum":"55490504055"} _2librisxl |
||
| 887 |
_a{"@id":"9fmkf06g4xp6wnb","modified":"2008-06-12T12:55:09+02:00","checksum":"49918421420"} _2librisxl |
||
| 887 |
_a{"@id":"hmtsm0tn2jshjw7","modified":"2013-07-08T13:31:41+02:00","checksum":"52871797558"} _2librisxl |
||
| 887 |
_a{"@id":"lqxv76jr1b7wcgj","modified":"2008-03-14T10:56:50+01:00","checksum":"26766402940"} _2librisxl |
||
| 887 |
_a{"@id":"kpxsjt7q4zxgw92","modified":"2015-12-01T12:26:45+01:00","checksum":"48427092616"} _2librisxl |
||
| 887 |
_a{"@id":"jthg5ndkg2lbm32r","modified":"2019-03-25T13:16:37.312+01:00","checksum":"47687399094"} _2librisxl |
||
| 887 |
_a{"@id":"bnm5chnp85g93hf1","modified":"2020-03-04T11:28:50.203+01:00","checksum":"47827719171"} _2librisxl |
||
| 887 |
_a{"@id":"glsl56mm2s06wst","modified":"2015-03-23T13:45:48+01:00","checksum":"47580484310"} _2librisxl |
||
| 887 |
_a{"@id":"dqp7d5wkbkb21c8p","modified":"2020-03-04T11:23:30.546+01:00","checksum":"57740599589"} _2librisxl |
||
| 942 |
_2z _cBOOK |
||